[Event "Corsica Masters"]
[Site "Bastia FRA"]
[Date "2007.10.30"]
[Round "3.3"]
[White "Karpov, Ana"]
[Black "Kasimdzhanov, R."]
[Result "0-1"]
[WhiteElo "2670"]
[BlackElo "2690"]
[PlyCount "62"]
[EventDate "2007.10.29"]
[Source "www.chesslib.no"]
[SourceDate "2004.05.04"]

1. d4 d5 2. c4 c6 3. Nf3 Nf6 4. e3 e6 5. Nbd2 Nbd7 6. b3 Bd6 7. Bb2 O-O 8. Bd3 Qe7 9. Qc2 e5 10. cxd5 cxd5 11. dxe5 Nxe5 12. Nxe5 Bxe5 13. O-O Bg4 14. Rac1 Rac8 15. Qb1 Rcd8 16. Rfe1 Rfe8 17. Nf1 Bxb2 18. Qxb2 d4 19. e4 Nh5 20. Qd2 Qe5 21. h3 Be6 22. Nh2 Nf4 23. Nf3 Qf6 24. Rc7 Nxh3+ 25. Kf1 Nf4 26. Rxb7 Qh6 27. Ng1 Rc8 28. Rxa7 Rc3 29. Bb5 Rec8 30. a4 Qh2 31. f3 Bh3 0-1

[Event "Linares"]
[Site "?"]
[Date "1992.??.??"]
[Round "?"]
[White "Salov, V."]
[Black "Anand, V."]
[Result "1/2-1/2"]
[WhiteElo "2655"]
[BlackElo "2670"]
[PlyCount "63"]
[EventDate "1992.??.??"]
[Source "ChessBase"]
[SourceDate "1992.02.01"]

1. d4 d5 2. Nf3 c6 3. c4 Nf6 4. e3 e6 5. Nbd2 Nbd7 6. Bd3 Bd6 7. O-O O-O 8. e4 e5 9. cxd5 cxd5 10. exd5 exd4 11. Nc4 Nc5 12. Nxd6 Qxd6 13. Bc4 Bg4 14. Qxd4 Bxf3 15. gxf3 Ne6 16. Qh4 Nxd5 17. Rd1 Nec7 18. Qg3 Qc6 19. Bb3 Ne7 20. Bg5 Nf5 21. Qg4 g6 22. Rac1 Qb6 23. Bc2 Ng7 24. Bb3 Nf5 25. Bc2 Ng7 26. Be3 Qxb2 27. Bd4 Qxa2 28. Bb1 Qa5 29. Bc3 Qb6 30. Bd4 Qa5 31. Bc3 Qb6 32. Bd4 1/2-1/2

[Event "Camp. russo a squadre 2007"]
[Site "Sochi RUS"]
[Date "2007.05.10"]
[Round "9"]
[White "Eljanov, P."]
[Black "Najer, E."]
[Result "1-0"]
[WhiteElo "2686"]
[BlackElo "2624"]
[PlyCount "101"]
[EventDate "2007.05.02"]
[Source "www.chesslib.no"]
[SourceDate "2004.05.04"]

1. d4 d5 2. c4 c6 3. Nf3 Nf6 4. e3 e6 5. Nbd2 c5 6. cxd5 exd5 7. dxc5 Bxc5 8. a3 a5 9. Nb3 Bb6 10. Nbd4 O-O 11. b3 Nc6 12. Bb2 Bg4 13. Be2 Rc8 14. O-O Qe7 15. h3 Bxf3 16. Bxf3 Nxd4 17. Bxd4 Bxd4 18. Qxd4 Rc5 19. Be2 Rfc8 20. b4 axb4 21. axb4 R5c7 22. Ra7 g6 23. Rd1 Ne4 24. Bd3 Nf6 25. g3 h5 26. Kg2 Qe6 27. Rda1 Nd7 28. R7a5 Ne5 29. Rb5 Nxd3 30. Qxd3 Rc2 31. Qd4 Qf5 32. Qf4 Qd7 33. Rb6 Rd2 34. Qf6 Re8 35. Ra7 d4 36. Rbxb7 Qd5+ 37. e4 Qxe4+ 38. Kh2 Qf5 39. Qxf7+ Qxf7 40. Rxf7 Rb2 41. g4 hxg4 42. hxg4 Rd8 43. Kg3 d3 44. Rg7+ Kf8 45. Rh7 Kg8 46. Rag7+ Kf8 47. Rxg6 d2 48. Rh8+ Kf7 49. Rxd8 Kxg6 50. f3 Kf6 51. b5 1-0

[Event "Memorial Tal Blitz"]
[Site "Mosca RUS"]
[Date "2008.08.30"]
[Round "25"]
[White "Karpov, Ana"]
[Black "Grachev, B."]
[Result "1/2-1/2"]
[WhiteElo "2651"]
[BlackElo "2640"]
[PlyCount "119"]
[EventDate "2008.08.29"]
[Source "www.chesslib.no"]
[SourceDate "2004.05.04"]

1. d4 d5 2. c4 e6 3. Nf3 c6 4. e3 Nf6 5. Nbd2 Nbd7 6. Bd3 Bd6 7. O-O O-O 8. b3 e5 9. cxd5 cxd5 10. dxe5 Nxe5 11. Be2 Qe7 12. Bb2 a6 13. Nxe5 Bxe5 14. Bxe5 Qxe5 15. Nf3 Qd6 16. Rc1 Bf5 17. Qd2 h6 18. Nd4 Be4 19. Rc3 Bg6 20. Qc1 Rad8 21. Bf3 Be4 22. Rd1 Bxf3 23. Nxf3 Rd7 24. Rc2 Ne4 25. Qb2 Re8 26. Rdc1 Kh7 27. Qd4 Nf6 28. Qc5 Qb8 29. Qb4 Re4 30. Qa5 Re8 31. Rc7 Qd8 32. Qc3 Qe7 33. Rxd7 Qxd7 34. Qc7 Re7 35. Qxd7 Rxd7 36. Kf1 Ne4 37. Ke2 f6 38. Nd4 Kg6 39. Rc8 Kf7 40. f3 Nd6 41. Rb8 Rc7 42. Kd2 Rc8 43. Rxc8 Nxc8 44. Ne2 Ne7 45. Kd3 Ke6 46. Nf4+ Kf7 47. Kd4 Nf5+ 48. Kd3 Ne7 49. g4 g5 50. Ne2 Nc6 51. Kd2 Ke6 52. a3 f5 53. h3 Ke5 54. Nc1 d4 55. Nd3+ Kf6 56. f4 dxe3+ 57. Kxe3 Na5 58. Nc5 fxg4 59. hxg4 b6 60. Ke4 1/2-1/2

[Event "Camp. russo a squadre 2007"]
[Site "Sochi RUS"]
[Date "2007.05.07"]
[Round "6"]
[White "Tregubov, P."]
[Black "Kobalia, M."]
[Result "1/2-1/2"]
[WhiteElo "2615"]
[BlackElo "2639"]
[PlyCount "98"]
[EventDate "2007.05.02"]
[Source "www.chesslib.no"]
[SourceDate "2004.05.04"]

1. d4 d5 2. c4 c6 3. Nf3 Nf6 4. e3 e6 5. Nbd2 Nbd7 6. Bd3 Bd6 7. O-O O-O 8. e4 e5 9. cxd5 cxd5 10. exd5 exd4 11. Ne4 Nxe4 12. Bxe4 Nf6 13. Bc2 Bg4 14. Bg5 h6 15. Bh4 g5 16. Bg3 Bxg3 17. fxg3 Qxd5 18. Bb3 Qd6 19. Qd3 Nd7 20. Bc2 Qg6 21. Qxg6+ fxg6 22. Nxd4 Ne5 23. Rfe1 Rad8 24. Re4 Kg7 25. Bb3 h5 26. Rc1 Kh6 27. h3 Nd3 28. Rc7 Rd7 29. Re7 Rxc7 30. Rxc7 Rc8 31. Rf7 Rc1+ 32. Kh2 Bc8 33. Be6 Ne5 34. Rf8 Bd7 35. Bxd7 Nxd7 36. Rf7 Nc5 37. b4 Rc4 38. bxc5 Rxd4 39. Rxb7 Ra4 40. c6 Rxa2 41. c7 Rc2 42. Rxa7 g4 43. Kg1 gxh3 44. gxh3 Kg5 45. Kf1 h4 46. g4 Kf4 47. Ke1 Ke3 48. Kd1 Rc6 49. Rb7 Ke4 1/2-1/2

[Event "Camp. russo a squadre 2007"]
[Site "Sochi RUS"]
[Date "2007.05.08"]
[Round "7"]
[White "Riazantsev, A."]
[Black "Yakovich, Yur"]
[Result "1/2-1/2"]
[WhiteElo "2621"]
[BlackElo "2600"]
[PlyCount "52"]
[EventDate "2007.05.02"]
[Source "www.chesslib.no"]
[SourceDate "2004.05.04"]

1. d4 d5 2. c4 e6 3. Nf3 c6 4. Nbd2 Nf6 5. e3 c5 6. dxc5 Bxc5 7. a3 a5 8. b3 O-O 9. Bb2 b6 10. Bd3 Bb7 11. O-O Nbd7 12. Qe2 Qe7 13. cxd5 exd5 14. Nd4 Ne5 15. Bb5 Ne4 16. N2f3 Nxf3+ 17. gxf3 Bxd4 18. Bxd4 Nc5 19. Qb2 Ne6 20. Rad1 Rac8 21. Kh1 Nxd4 22. Rxd4 Rc5 23. Bd3 Qf6 24. f4 Rfc8 25. b4 Rc3 26. Rd1 a4 1/2-1/2

[Event "6th Festival Gp A"]
[Site "Nancy FRA"]
[Date "2008.02.24"]
[Round "9"]
[White "Landa, K."]
[Black "Guliyev, N."]
[Result "1-0"]
[WhiteElo "2641"]
[BlackElo "2570"]
[PlyCount "67"]
[EventDate "2008.02.18"]
[Source "www.chesslib.no"]
[SourceDate "2004.05.04"]

1. d4 d5 2. c4 c6 3. Nf3 Nf6 4. e3 e6 5. Nbd2 Nbd7 6. b3 b6 7. Bb2 Bb7 8. Bd3 Bd6 9. O-O O-O 10. Qe2 Qe7 11. Rad1 Rad8 12. e4 dxe4 13. Nxe4 Nxe4 14. Qxe4 Nf6 15. Qh4 h6 16. Rfe1 Rfe8 17. Bc2 Nd7 18. Qe4 Nf6 19. Qh4 Nd7 20. Qe4 Nf6 21. Qd3 Ba3 22. Ba1 Kf8 23. h3 Rd6 24. Ne5 a5 25. Qg3 Bb4 26. Bg6 Bxe1 27. Rxe1 Ra8 28. Bxf7 Qd8 29. Qg6 Bc8 30. Re3 Ra7 31. Rg3 Ne8 32. Qh7 Rc7 33. Qh8+ Ke7 34. Bxe8 1-0

[Event "Olimpiadi 2008 - open"]
[Site "Dresda GER"]
[Date "2008.11.22"]
[Round "9"]
[White "Predojevic, B."]
[Black "Adly, A."]
[Result "1/2-1/2"]
[WhiteElo "2615"]
[BlackElo "2586"]
[PlyCount "59"]
[EventDate "2008.11.13"]
[Source "www.chesslib.no"]
[SourceDate "2004.05.04"]

1. d4 d5 2. c4 c6 3. Nf3 Nf6 4. e3 e6 5. Nbd2 c5 6. dxc5 Bxc5 7. a3 O-O 8. Bd3 b6 9. b4 Be7 10. Bb2 Bb7 11. O-O Nbd7 12. cxd5 Nxd5 13. Qb1 h6 14. Rc1 Bf6 15. Nc4 Qe7 16. Bxf6 N5xf6 17. Be2 Rfd8 18. Qb2 Ne4 19. Rc2 Rac8 20. Rac1 Nd6 21. Nxd6 Qxd6 22. Rxc8 Rxc8 23. Rxc8+ Bxc8 24. Qd4 Qc7 25. Qc4 Qxc4 26. Bxc4 Kf8 27. Nd4 Bb7 28. f3 Ke7 29. Kf2 Ne5 30. Be2 1/2-1/2

[Event "II Open Rapid"]
[Site "Canada de Calatrava SPA"]
[Date "2007.04.07"]
[Round "5"]
[White "Kosyrev, V."]
[Black "Miton, K."]
[Result "1/2-1/2"]
[WhiteElo "2525"]
[BlackElo "2655"]
[PlyCount "59"]
[EventDate "2007.04.06"]
[Source "www.chesslib.no"]
[SourceDate "2004.05.04"]

1. d4 d5 2. c4 c6 3. Nf3 e6 4. Nbd2 Nf6 5. e3 Nbd7 6. b3 b6 7. Bb2 Bb7 8. Bd3 Be7 9. O-O O-O 10. Qe2 c5 11. Rfd1 Qc7 12. Rac1 Rfe8 13. h3 Rac8 14. cxd5 exd5 15. Ba6 Qb8 16. Bxb7 Qxb7 17. Qd3 Ne4 18. dxc5 Ndxc5 19. Qf1 Bf8 20. Nd4 g6 21. N2f3 Bh6 22. Rc2 a5 23. Nb5 Rcd8 24. Bd4 Bf8 25. Nc3 Rc8 26. Rcc1 Ne6 27. Nb5 N6c5 28. Nc3 Ne6 29. Nb5 N6c5 30. Nc3 1/2-1/2

[Event "Olimpiadi 2008 - open"]
[Site "Dresda GER"]
[Date "2008.11.25"]
[Round "11"]
[White "Pantsulaia, L."]
[Black "Lupulescu, C."]
[Result "1/2-1/2"]
[WhiteElo "2580"]
[BlackElo "2594"]
[PlyCount "120"]
[EventDate "2008.11.13"]
[Source "www.chesslib.no"]
[SourceDate "2004.05.04"]

1. d4 d5 2. c4 e6 3. Nf3 c6 4. Nbd2 Nf6 5. e3 c5 6. dxc5 Bxc5 7. a3 Bd6 8. b4 a5 9. b5 a4 10. Bb2 O-O 11. Be2 Nbd7 12. O-O Qe7 13. Qc2 Nc5 14. cxd5 exd5 15. Bd4 Nfe4 16. Nxe4 dxe4 17. Nd2 Bf5 18. Qb2 Ne6 19. Be5 Bc5 20. Nc4 f6 21. Bg3 Ng5 22. Rfd1 Nf7 23. b6 Rfd8 24. Bc7 Rxd1+ 25. Rxd1 Be6 26. Qc3 Kh8 27. h3 h6 28. Bh5 Kh7 29. Be2 Kh8 30. Rb1 Nd8 31. Rb5 Bxc4 32. Qxc4 Bxa3 33. Bd1 Bd6 34. Rd5 Bxc7 35. bxc7 Nc6 36. Bxa4 Qxc7 37. Qxe4 Qe7 38. Qxe7 Nxe7 39. Rd4 Nc6 40. Rc4 Rc8 41. f4 g6 42. Bc2 Kg7 43. Be4 f5 44. Bf3 h5 45. Kf2 Rc7 46. e4 fxe4 47. Bxe4 Rf7 48. Kg3 Ne7 49. Rb4 Nf5+ 50. Bxf5 Rxf5 51. Rxb7+ Kf6 52. Rh7 Ra5 53. Kh4 Ra4 54. g3 Rb4 55. Ra7 Rc4 56. g4 hxg4 57. hxg4 Rxf4 58. Ra6+ Kg7 59. Kg5 Rb4 60. Rxg6+ Kh7 1/2-1/2

[Event "It (Open) Abudhabi UAE"]
[Site "?"]
[Date "2005.??.??"]
[Round "5"]
[White "Volkov Sergey"]
[Black "Potkin Vladimir"]
[Result "0-1"]
[WhiteElo "2622"]
[BlackElo "2534"]
[PlyCount "67"]
[EventDate "2005.??.??"]
[Source "www.chesslib.no"]
[SourceDate "2004.05.04"]

1. d4 d5 2. c4 c6 3. Nf3 Nf6 4. e3 e6 5. Nbd2 Nbd7 6. Bd3 Bd6 7. O-O O-O 8. e4 e5 9. cxd5 cxd5 10. exd5 exd4 11. Ne4 Nxe4 12. Bxe4 Nf6 13. Bg5 h6 14. Bxf6 Qxf6 15. Qxd4 Qxd4 16. Nxd4 Bd7 17. Rad1 g6 18. g3 Rac8 19. Kg2 Rfe8 20. Bf3 Kg7 21. Rd3 Kf6 22. h3 h5 23. h4 Rc7 24. Kh2 Rec8 25. Rdd1 Ba4 26. b3 Bd7 27. Bg2 a6 28. Bh3 Bxh3 29. Kxh3 Rc5 30. Nf3 Rc2 31. a4 R8c3 32. Nd2 Ke7 33. Nc4 f5 34. Kg2 0-1

[Event "Tehran 73/453"]
[Site "?"]
[Date "1998.??.??"]
[Round "?"]
[White "Kasimdzhanov, Rustam"]
[Black "Dao Thien Hai"]
[Result "1-0"]
[WhiteElo "2570"]
[BlackElo "2580"]
[PlyCount "87"]
[EventDate "1998.??.??"]
[Source "ChessBase"]
[SourceDate "1998.06.01"]

1. d4 d5 2. c4 c6 3. Nf3 Nf6 4. e3 e6 5. Nbd2 Nbd7 6. Bd3 Bd6 7. O-O O-O 8. e4 e5 9. cxd5 cxd5 10. exd5 exd4 11. Ne4 Nxe4 12. Bxe4 Nf6 13. Bc2 Bg4 14. h3 Bxf3 15. Qxf3 Nxd5 16. Be4 Nf6 17. Bxb7 Rb8 18. Ba6 Qa5 19. Bc4 Nd7 20. Bb3 Ne5 21. Qg3 Rb6 22. Bf4 Bb8 23. Kh1 Rg6 24. Qh4 Qa6 25. Bxe5 Bxe5 26. Qe4 Qf6 27. Rad1 Rd8 28. Rfe1 Bd6 29. Rxd4 h5 30. f4 Kf8 31. Rd5 Qh4 32. Rdd1 Rb8 33. Rf1 Re8 34. Qc4 Re7 35. Qc8+ Re8 36. Qd7 Qe7 37. Qf5 Rf6 38. Qxh5 Kg8 39. Qh4 Qc7 40. Qg4 g6 41. f5 Kg7 42. fxg6 Rxf1+ 43. Rxf1 fxg6 44. Bf7 1-0

[Event "13. Sigeman & Co"]
[Site "?"]
[Date "2005.04.20"]
[Round "5"]
[White "Hansen Curt"]
[Black "Hector Jonny"]
[Result "1-0"]
[WhiteElo "2633"]
[BlackElo "2513"]
[PlyCount "71"]
[EventDate "2005.??.??"]
[Source "www.chesslib.no"]
[SourceDate "2004.05.04"]

1. c4 e6 2. d4 d5 3. Nf3 c6 4. e3 Nf6 5. Nbd2 c5 6. dxc5 Bxc5 7. a3 a5 8. b3 Nc6 9. Bb2 O-O 10. Bd3 Qe7 11. O-O Rd8 12. Qc2 Kh8 13. cxd5 Rxd5 14. Ne4 Nxe4 15. Bxe4 Rh5 16. Rfd1 Ra6 17. g4 Rh6 18. Rac1 Bd6 19. Qd3 e5 20. Bxe5 Na7 21. Qd4 Qf8 22. g5 Re6 23. Bd5 Rg6 24. Bxd6 Rgxd6 25. Qf4 Be6 26. Bxe6 Rxd1+ 27. Rxd1 Rxe6 28. Rd7 Kg8 29. Nd4 Re8 30. Rxb7 Nc8 31. Nf5 Qxa3 32. Nh6+ Kh8 33. Nxf7+ Kg8 34. Qc4 Kf8 35. Nh6 Qa1+ 36. Kg2 1-0

[Event "Open Aeroflot"]
[Site "Mosca RUS"]
[Date "2007.02.20"]
[Round "7"]
[White "Volkov, Sergey"]
[Black "Andriasian, Z."]
[Result "1-0"]
[WhiteElo "2636"]
[BlackElo "2508"]
[PlyCount "217"]
[EventDate "2007.02.14"]
[Source "www.chesslib.no"]
[SourceDate "2004.05.04"]

1. d4 d5 2. c4 c6 3. Nf3 Nf6 4. e3 e6 5. Nbd2 Nbd7 6. b3 Bd6 7. Bb2 O-O 8. Bd3 Qe7 9. Ne5 dxc4 10. Nexc4 Bc7 11. O-O e5 12. Ba3 c5 13. dxc5 Nxc5 14. Qc2 e4 15. Bxc5 Qxc5 16. Nxe4 Nxe4 17. Bxe4 Qh5 18. g3 Rb8 19. Rad1 Be6 20. Nd6 Bxd6 21. Rxd6 Rbc8 22. Qd3 b6 23. h4 h6 24. Bd5 Bxd5 25. Rxd5 Qf3 26. Rd7 a5 27. Rd1 Rc6 28. Qd5 Qf6 29. Rd6 Rxd6 30. Qxd6 Qb2 31. Rd2 Qc1+ 32. Kg2 Rc8 33. h5 b5 34. Rd5 Qc2 35. Rd4 Qxa2 36. Qa6 Rb8 37. Rg4 Qe2 38. Qd6 Qxg4 39. Qxb8+ Kh7 40. Qxb5 Qe4+ 41. Kg1 Qb1+ 42. Kh2 Qc2 43. Kg2 Qe4+ 44. Kf1 Qc2 45. Ke1 Qa2 46. Qc4 Kg8 47. g4 Qa1+ 48. Kd2 Qb2+ 49. Qc2 Qa3 50. Qc8+ Kh7 51. Qc4 Kg8 52. Kd3 Qd6+ 53. Ke2 Qa3 54. Kf3 Qb2 55. Kg2 Qd2 56. Qc8+ Kh7 57. Qb7 Qd1 58. Qe4+ Kg8 59. Qc4 Qd7 60. Kg3 Qd6+ 61. Kf3 Qf6+ 62. Kg2 Qd8 63. e4 Qd7 64. e5 Qb7+ 65. f3 Qd7 66. Kg3 Qd2 67. Qe4 Kh8 68. Qa8+ Kh7 69. Qb7 Kg8 70. Qb8+ Kh7 71. Qb5 Qd4 72. Kg2 Qd2+ 73. Kf1 Qd1+ 74. Kf2 Qd2+ 75. Qe2 Qd4+ 76. Qe3 Qb2+ 77. Kg3 Kg8 78. e6 fxe6 79. Qxe6+ Kh8 80. Qd5 Qc3 81. Kf4 Qb4+ 82. Ke3 Qc3+ 83. Ke4 Kh7 84. Qc4 Qd2 85. Qd3 Qb4+ 86. Kd5+ Kh8 87. Qc4 Qb7+ 88. Kd4 Qb6+ 89. Kc3 Qf6+ 90. Qd4 Qxf3+ 91. Kc4 Qc6+ 92. Qc5 Qe6+ 93. Kc3 Qe1+ 94. Kb2 Kg8 95. Qd4 Qb4 96. Qxb4 axb4 97. Kc2 Kf7 98. Kd3 Kf6 99. Kc4 Kg5 100. Kxb4 Kxg4 101. Kc3 Kxh5 102. b4 g5 103. b5 g4 104. Kd2 Kh4 105. b6 g3 106. Ke2 Kh3 107. b7 h5 108. b8=Q h4 109. Kf1 1-0

[Event "Pozega"]
[Site "?"]
[Date "2000.??.??"]
[Round "8"]
[White "Kozul Zdenko"]
[Black "Pavasovic Dusko"]
[Result "1/2-1/2"]
[WhiteElo "2597"]
[BlackElo "2544"]
[PlyCount "76"]
[EventDate "2000.??.??"]
[Source "www.chesslib.no"]
[SourceDate "2004.05.04"]

1. c4 e6 2. d4 d5 3. Nf3 c6 4. e3 Nf6 5. Nbd2 Nbd7 6. Bd3 Bd6 7. O-O O-O 8. e4 e5 9. cxd5 cxd5 10. exd5 exd4 11. Ne4 Nxe4 12. Bxe4 Nf6 13. Bc2 Bg4 14. Bg5 h6 15. Bh4 g5 16. Bg3 Bxg3 17. fxg3 Qxd5 18. Bb3 Qd6 19. h3 Bxf3 20. Qxf3 Kg7 21. Qxb7 a5 22. Qf3 a4 23. Bc2 Rfe8 24. Rf2 Ra7 25. Raf1 Re6 26. b3 Rae7 27. bxa4 Ne4 28. Qd3 Rc7 29. Rf3 f6 30. Bb3 Rc3 31. Qd1 Re7 32. Bc2 Rxf3 33. Qxf3 Nxg3 34. Qd3 f5 35. Rd1 Ne2+ 36. Kh1 Ng3+ 37. Kg1 Ne2+ 38. Kh1 Ng3+ 1/2-1/2

[Event "Bad Homburg"]
[Site "Bad Homburg"]
[Date "1996.??.??"]
[Round "8"]
[White "Gabriel, Christian"]
[Black "Stangl, Markus"]
[Result "1-0"]
[WhiteElo "2565"]
[BlackElo "2565"]
[PlyCount "81"]
[EventDate "1996.07.20"]
[Source "ChessBase"]

1. d4 d5 2. c4 e6 3. Nf3 c6 4. Nbd2 Nf6 5. e3 Be7 6. b3 O-O 7. Bd3 c5 8. O-O cxd4 9. exd4 Nc6 10. Bb2 b6 11. Rc1 Bb7 12. Re1 Rc8 13. a3 Rc7 14. Nf1 dxc4 15. bxc4 Rd7 16. Ne3 Bc5 17. Nc2 Re8 18. Re3 Bd6 19. d5 Bf4 20. dxc6 Bxc6 21. Ne5 Bxe3 22. Nxe3 Rc7 23. Nxc6 Rxc6 24. Qe2 Qe7 25. Re1 Qc5 26. Bxf6 gxf6 27. Nd5 Qd4 28. Qf3 e5 29. h3 e4 30. Bxe4 Kf8 31. Re3 Rce6 32. Bf5 Rxe3 33. Nxe3 Qa1+ 34. Kh2 Qxa3 35. Qf4 Qb2 36. Qh6+ Ke7 37. Nd5+ Kd8 38. Qxh7 a5 39. Qxf7 Qe5+ 40. f4 Qd6 41. Qb7 1-0

[Event "Cap d'Agde-B"]
[Site "Cap d'Agde"]
[Date "1998.10.26"]
[Round "4"]
[White "Arencibia, Walter"]
[Black "Dao Thien Hai"]
[Result "0-1"]
[WhiteElo "2550"]
[BlackElo "2580"]
[PlyCount "142"]
[EventDate "1998.10.??"]
[Source "www.chesslib.no"]
[SourceDate "2004.05.04"]

1. d4 d5 2. c4 e6 3. Nf3 c6 4. e3 Nf6 5. Nbd2 c5 6. dxc5 Bxc5 7. a3 O-O 8. Bd3 Nc6 9. b4 Be7 10. Bb2 a5 11. b5 Nb8 12. O-O Nbd7 13. Rc1 Nc5 14. Bb1 Nfe4 15. Qc2 g6 16. Rfd1 Qe8 17. Ba2 Nxd2 18. Rxd2 dxc4 19. Qxc4 b6 20. Qf4 f6 21. Qh6 Rf7 22. Nd4 Bd7 23. Rcd1 Bf8 24. Qh3 Kh8 25. Qf3 Bg7 26. Nc6 Rc8 27. h4 Rf8 28. Rd6 e5 29. Qd5 Bf5 30. f3 e4 31. g4 exf3 32. Qxf3 Be4 33. Qf4 Bxc6 34. bxc6 Rxc6 35. g5 Rxd6 36. Rxd6 fxg5 37. Bxg7+ Kxg7 38. Qd4+ Kh6 39. hxg5+ Kxg5 40. Rxb6 Qe7 41. Rb2 h5 42. Bb1 Kh6 43. Rg2 g5 44. Rb2 Qf6 45. Qxc5 Qf1+ 46. Kh2 Rf2+ 47. Rxf2 Qxf2+ 48. Kh1 Qf1+ 49. Kh2 Qxb1 50. Qf8+ Kg6 51. Qg8+ Kf6 52. Qh8+ Ke6 53. Qg8+ Kd6 54. Qxg5 Qb2+ 55. Kg3 Qxa3 56. Qd8+ Kc6 57. Qc8+ Kb5 58. Qd7+ Kc4 59. Qd4+ Kb3 60. Qd3+ Ka2 61. Qd2+ Kb1 62. Qe1+ Kc2 63. Qe2+ Kc3 64. Qe1+ Kc4 65. Qe2+ Kb4 66. Qd2+ Qc3 67. Qd6+ Kb3 68. Qb6+ Kc2 69. Qg6+ Kd2 70. Qxh5 Qxe3+ 71. Kh4 Qe1+ 0-1

[Event "Cup Russia"]
[Site "Serpukhov RUS"]
[Date "2007.11.08"]
[Round "2.4"]
[White "Potkin, V."]
[Black "Askarov, M."]
[Result "0-1"]
[WhiteElo "2612"]
[BlackElo "2516"]
[PlyCount "68"]
[EventDate "2007.11.05"]
[Source "www.chesslib.no"]
[SourceDate "2004.05.04"]

1. d4 d5 2. c4 c6 3. Nf3 Nf6 4. e3 e6 5. Nbd2 Be7 6. Bd3 O-O 7. O-O c5 8. dxc5 Na6 9. a3 Nxc5 10. Bc2 dxc4 11. Nxc4 b5 12. Nce5 Bb7 13. Qe2 Nfe4 14. Rd1 Qc7 15. Nd3 Rac8 16. Nd4 a6 17. f3 Nxd3 18. Bxd3 Nc5 19. Bc2 g6 20. e4 e5 21. Nb3 Ne6 22. Bd3 Nf4 23. Bxf4 exf4 24. Rac1 Qe5 25. Na5 Ba8 26. Bb1 Rxc1 27. Rxc1 Qd4+ 28. Qf2 Bf6 29. b3 Qd6 30. Kf1 Qxa3 31. Qe1 Rd8 32. Nc6 Bh4 33. Qc3 Bxc6 34. Qxc6 Qb2 0-1

[Event "Korinthos op 6th"]
[Site "Korinthos"]
[Date "2002.07.31"]
[Round "9"]
[White "Volkov, Sergey"]
[Black "Svetushkin, Dmitry"]
[Result "1/2-1/2"]
[WhiteElo "2636"]
[BlackElo "2491"]
[PlyCount "77"]
[EventDate "2002.07.23"]
[Source "ChessBase"]
[SourceDate "2002.09.11"]

1. d4 d5 2. c4 c6 3. Nf3 Nf6 4. e3 e6 5. Nbd2 c5 6. cxd5 exd5 7. b3 Nc6 8. Bb2 cxd4 9. Nxd4 Nxd4 10. Bxd4 Be7 11. Bd3 O-O 12. h3 Be6 13. O-O Rc8 14. Qf3 a6 15. Rfd1 h6 16. Nf1 Nd7 17. Ng3 Bf6 18. Nh5 Bxd4 19. exd4 Qg5 20. Re1 Nb8 21. Rad1 Nc6 22. Bb1 Rcd8 23. Re3 g6 24. Nf4 Bf5 25. h4 Qg4 26. Qxg4 Bxg4 27. f3 Bc8 28. Kf2 Kg7 29. g4 Kf6 30. a3 a5 31. Kg3 Rd6 32. Rd2 Be6 33. Rc3 Rc8 34. Kf2 Rdd8 35. Re3 Rd6 36. Rd1 Na7 37. Bd3 Rc3 38. Bf1 Rb6 39. Rb1 1/2-1/2

[Event "Campionato europeo 2007"]
[Site "Dresda GER"]
[Date "2007.04.12"]
[Round "9.49"]
[White "Bartel, Mateusz"]
[Black "Dziuba, Marcin"]
[Result "1-0"]
[WhiteElo "2596"]
[BlackElo "2525"]
[PlyCount "121"]
[EventDate "2007.04.03"]
[Source "www.chesslib.no"]
[SourceDate "2004.05.04"]

1. d4 d5 2. c4 e6 3. Nf3 c6 4. Nbd2 Nf6 5. e3 c5 6. b3 cxd4 7. exd4 Be7 8. Bb2 O-O 9. Bd3 b6 10. O-O Bb7 11. Ne5 Nc6 12. Ndf3 Nxe5 13. Nxe5 Rc8 14. Qe2 Rc7 15. f4 g6 16. Rae1 Bb4 17. Rc1 Re8 18. c5 bxc5 19. Bb5 c4 20. bxc4 Rf8 21. c5 Ne4 22. Rf3 f6 23. Nd3 Ba5 24. Nf2 f5 25. Rc2 Rg7 26. Nd3 a6 27. Ba4 Bc7 28. Ba3 Bc8 29. c6 Rf6 30. h4 h6 31. Rh3 Bb6 32. Nc5 Qc7 33. Bc1 Rf8 34. Be3 Kh7 35. Nd7 Bxd7 36. cxd7 Qa7 37. Rc8 Rgg8 38. Re8 Rf7 39. Qc2 Rxd7 40. Bxd7 Qxd7 41. Rxg8 Kxg8 42. Rf3 Nd6 43. h5 gxh5 44. Rh3 Ne4 45. Rxh5 Kh7 46. Rh3 Nf6 47. Bf2 Bc7 48. Rf3 Ne4 49. Be3 Nd6 50. Qc5 Nc4 51. Qf8 Nxe3 52. Rxe3 Bxf4 53. Rc3 a5 54. Kf2 Bc7 55. Qf6 Bd8 56. Qe5 Kg6 57. Qh8 Bh4+ 58. Kf3 Bf6 59. Qg8+ Kh5 60. g4+ Kh4 61. Qg6 1-0

[Event "Pre Continental g/25' 10''"]
[Site "Sao Paulo"]
[Date "2001.07.28"]
[Round "3"]
[White "Leitao, Rafael"]
[Black "Lima, Darcy"]
[Result "1/2-1/2"]
[WhiteElo "2571"]
[BlackElo "2543"]
[PlyCount "45"]
[EventDate "2001.07.28"]
[Source "ChessBase"]
[SourceDate "2001.09.11"]

1. d4 d5 2. c4 c6 3. Nf3 Nf6 4. e3 e6 5. Nbd2 Nbd7 6. Bd3 Bd6 7. O-O O-O 8. e4 e5 9. cxd5 cxd5 10. exd5 exd4 11. Nc4 Bc5 12. Bg5 h6 13. Bh4 Nb6 14. Nxb6 Qxb6 15. b4 Be7 16. Bc4 Bg4 17. Qxd4 Bxf3 18. Qxb6 axb6 19. gxf3 Nxd5 20. Bxd5 Bxh4 21. Bxb7 Ra7 22. Bd5 Rd8 23. Bb3 1/2-1/2

[Event "UKR-ch"]
[Site "Ordzhonikidze"]
[Date "2001.09.11"]
[Round "4"]
[White "Malaniuk, Vladimir P"]
[Black "Borovikov, Vladislav"]
[Result "1/2-1/2"]
[WhiteElo "2516"]
[BlackElo "2593"]
[PlyCount "37"]
[EventDate "2001.09.08"]
[Source "ChessBase"]
[SourceDate "2001.02.01"]

1. d4 d5 2. c4 c6 3. e3 Nf6 4. Nf3 e6 5. Nbd2 Nbd7 6. Bd3 Bd6 7. e4 e5 8. cxd5 cxd5 9. exd5 O-O 10. O-O exd4 11. Nc4 Bc5 12. Bg5 h6 13. Bh4 Nb6 14. Nxb6 Bxb6 15. Bc4 Qd6 16. Rc1 Nxd5 17. Nxd4 Nf6 18. Nf3 Qxd1 19. Rfxd1 1/2-1/2

[Event "Zonale 2.4"]
[Site "San Paolo BRA"]
[Date "2007.06.20"]
[Round "7"]
[White "Leitao, Rafael"]
[Black "Matsuura, Everaldo"]
[Result "1/2-1/2"]
[WhiteElo "2603"]
[BlackElo "2502"]
[PlyCount "41"]
[EventDate "2007.06.16"]
[Source "www.chesslib.no"]
[SourceDate "2004.05.04"]

1. d4 d5 2. c4 c6 3. Nf3 Nf6 4. e3 e6 5. Nbd2 Nbd7 6. Bd3 Bd6 7. O-O O-O 8. e4 e5 9. cxd5 cxd5 10. exd5 exd4 11. Ne4 Nxe4 12. Bxe4 Nc5 13. Qxd4 Nxe4 14. Qxe4 Re8 15. Qd4 Bf5 16. Bg5 f6 17. Bh4 Re4 18. Qd3 Bg6 19. Bg3 Bxg3 20. hxg3 Re6 21. Qc3 1/2-1/2

[Event "Guntur"]
[Site "?"]
[Date "2000.??.??"]
[Round "?"]
[White "Fominyh, A."]
[Black "Barua, D."]
[Result "1/2-1/2"]
[WhiteElo "2550"]
[BlackElo "2555"]
[PlyCount "47"]
[EventDate "2000.??.??"]
[Source "Chess Informant"]
[SourceDate "2000.02.01"]

1. d4 d5 2. c4 e6 3. Nf3 c6 4. e3 Nf6 5. Nbd2 Nbd7 6. Bd3 Bd6 7. O-O O-O 8. e4 e5 9. cxd5 cxd5 10. exd5 exd4 11. Ne4 Nxe4 12. Bxe4 Nc5 13. Qxd4 Nxe4 14. Qxe4 Qf6 15. Rd1 Bd7 16. Qd4 Qf5 17. Bd2 Rfe8 18. Re1 b6 19. Bc3 f6 20. a3 Rxe1+ 21. Rxe1 Re8 22. Qd1 Rxe1+ 23. Nxe1 Qe4 24. g3 1/2-1/2